Geografía de la argentina; parte física y humana /

Guardado en:
Autor Principal: Daus, Federico A
Formato: Libro
Publicado: Buenos Aires : Estrada, 1978
Edición:25
Etiquetas: Agregar Etiqueta
Sin Etiquetas, Sea el primero en etiquetar este registro!
LEADER 00464nam a22001575a 4500
001 CEM.cems001983
005 20060216000000.0
008 130507s1978##################000#0#####d
003 CEMS
082 0 4 |a 918.2 
100 1 |a Daus, Federico A 
245 1 0 |a Geografía de la argentina; parte física y humana /  |c Federico A Daus 
250 |a 25 
260 |a Buenos Aires :  |b Estrada,  |c 1978 
300 |a 1761 p. 
859 |a CEMS  |b BIB. CEMS - 11 de abril  |h 918.2  |i D268-4a25  |p 14874.87  |t Ej.1